Digital Communication Over Fading Channels (Record no. 23790)
[ view plain ]
| 000 -LEADER | |
|---|---|
| fixed length control field | 00271nam a22000977a 4500 |
| 008 - FIXED-LENGTH DATA ELEMENTS--GENERAL INFORMATION | |
| fixed length control field | 140120b xxu||||| |||| 00| 0 eng d |
| 010 ## - LIBRARY OF CONGRESS CONTROL NUMBER | |
| LC control number | 99-056352 |
| 020 ## - INTERNATIONAL STANDARD BOOK NUMBER | |
| International Standard Book Number | 0471317799 |
| Terms of availability | Available |
| 082 ## - DEWEY DECIMAL CLASSIFICATION NUMBER | |
| Classification number | 621.382SIM |
| Author Mark | 002582 |
| 245 ## - TITLE STATEMENT | |
| Title | Digital Communication Over Fading Channels |
| Statement of responsibility, etc. | Simon |
| Withdrawn status | Lost status | Source of classification or shelving scheme | Damaged status | Not for loan | Permanent Location | Current Location | Shelving location | Date acquired | Total Checkouts | Full call number | Barcode | Date last seen | Price effective from | Koha item type |
|---|---|---|---|---|---|---|---|---|---|---|---|---|---|---|
| School of Interdisciplinary Engineering and Sciences (SINES) | School of Interdisciplinary Engineering and Sciences (SINES) | 01/20/2014 | 621.382SIM | RCMS002582 | 01/20/2014 | 01/20/2014 | Book |
